| 000 | 00714nam a22002291i 4500 | ||
|---|---|---|---|
| 005 | 20210715104143.0 | ||
| 008 | 210715s2020 enka|||g ||| ||0 0 eng d | ||
| 020 |
_a9781788162944 _cRM 79.90 _qhardback |
||
| 040 |
_aPPAK _beng _cPPAK _erda |
||
| 082 | 0 | 4 |
_223 _a158 |
| 090 | 0 | 0 |
_a158 _bHAN _dG |
| 100 | 1 |
_aHannah, Sophie, _eauthor. |
|
| 245 | 1 | 0 |
_aHAPPINESS, A Mystery & 66 attempts to solve it / _cSophie Hannah |
| 264 | 1 |
_aLondon : _bProfile Books Ltd. : Wellcome Collection, _c2020 |
|
| 300 |
_a192 pages ; _c25 cm. |
||
| 336 |
_2rdacontent _atext |
||
| 337 |
_2rdamedia _aunmediated |
||
| 338 |
_2rdacarrier _avolume |
||
| 650 | 1 | 0 | _aHappiness. |
| 650 | 2 | 0 | _aSelf-actualization (Psychology) |
| 942 |
_2ddc _cB |
||
| 999 |
_c184381 _d184381 |
||